Nový psychologický výzkum ColourMind
Projekt s názvom Značky a Média 2011. Realizácia psychologického výskumu, ktorý využíva techniku spájania farieb a slovných asociácií. Vnímanie značiek populáciou. Nový psychologický pohľad na positioning značky a mediálnych titulov.
Saved in:
| Main Author: | |
|---|---|
| Format: | Book Chapter |
| Language: | Czech |
| Subjects: | |
| Tags: |
No Tags, Be the first to tag this record!
|
MARC
| LEADER | 00000naa a2200000 4500 | ||
|---|---|---|---|
| 001 | 0146045 | ||
| 005 | 20231019095704.4 | ||
| 041 | 0 | |a cze | |
| 044 | |a CZ | ||
| 245 | 1 | 0 | |a Nový psychologický výzkum ColourMind |c Lucie Vaníčková |
| 520 | |a Projekt s názvom Značky a Média 2011. Realizácia psychologického výskumu, ktorý využíva techniku spájania farieb a slovných asociácií. Vnímanie značiek populáciou. Nový psychologický pohľad na positioning značky a mediálnych titulov. | ||
| 610 | 2 | 0 | |a výskum |
| 610 | 2 | 0 | |a psychológia |
| 610 | 2 | 0 | |a marketing |
| 610 | 2 | 0 | |a značky výrobkov |
| 610 | 2 | 0 | |a médiá |
| 610 | 2 | 0 | |a spotrebitelia |
| 610 | 2 | 0 | |a farby |
| 100 | 1 | |a Vaníčková, Lucie | |